Loading...
| Literature - World | 0 | 2 | 0 | 0 | 20 | 138 | 150.00 | 0 | 0 | 0.98 | 3.08 |
| Fine Arts - Classical Music and Opera | 1 | 1 | 1 | 0 | 20 | 40 | 79.50 | 0 | 1 | 7.62 | 12.23 |
| Fine Arts - Other Arts | 0 | 2 | 1 | 1 | 15 | 136 | 138.50 | 0 | 0 | 1.72 | 5.86 |
| Literature - American | 0 | 1 | 0 | 0 | 10 | 151 | 151.00 | 0 | 0 | 0.90 | 0.55 |
| Literature - British | 0 | 1 | 0 | 1 | 10 | 152 | 152.00 | 0 | 0 | 0.00 | 0.51 |
| Literature - European | 0 | 1 | 0 | 0 | 10 | 101 | 101.00 | 0 | 1 | 2.95 | 6.04 |
| Mythology | 0 | 1 | 0 | 0 | 10 | 115 | 115.00 | 0 | 1 | 3.82 | 11.43 |
| Other Culture | 0 | 1 | 0 | 1 | 10 | 143 | 143.00 | 0 | 0 | 0.17 | 3.33 |
| Philosophy | 0 | 1 | 0 | 1 | 10 | 156 | 156.00 | 0 | 0 | 0.05 | 1.10 |
| Social Science | 0 | 1 | 0 | 0 | 10 | 119 | 119.00 | 0 | 0 | 1.25 | 3.21 |
| Fine Arts - Painting and Sculpture | 1 | 0 | 1 | 0 | 10 | 89 | 89.00 | 0 | 1 | 3.16 | 6.15 |
| History - European | 0 | 1 | 0 | 0 | 10 | 108 | 108.00 | 0 | 1 | 2.63 | 6.15 |
| Science - Biology | 0 | 1 | 0 | 0 | 10 | 143 | 143.00 | 0 | 0 | 0.05 | 3.30 |
| Science - Physics | 0 | 1 | 0 | 0 | 10 | 134 | 134.00 | 0 | 0 | 0.57 | 2.80 |
| Religion | 0 | 1 | 1 | 0 | 5 | 142 | 142.00 | 0 | 0 | 0.82 | 3.55 |
| Other Science (Mixed/Any) | 0 | 0 | 0 | 0 | 0 | 0.00 | 0 | 0 | 0.00 | 0.00 |